Biblioteca y Centro de Documentación

Dictamen 2-1995, sobre el Anteproyecto de Ley del Impuesto de Sociedades (Registro nro. 43900)

Detalles MARC
000 -CABECERA
Longitud fija campo de control 01071nam a2200289 c 4500
001 - NÚMERO DE CONTROL
Número de control 43900
003 - IDENTIFICADOR DE NÚMERO DE CONTROL
Identificador del número de control ES-MaCES
005 - FECHA Y HORA DE LA ÚLTIMA TRANSACCIÓN
Fecha y hora de la última transacción 20210726134806.0
007 - PHYSICAL DESCRIPTION FIXED FIELD--GENERAL INFORMAT
Campo fijo de descripción física cr |||||||||||
008 - CAMPO FIJO DE DESCRIPCIÓN FIJA--INFORMACIÓN GENERAL
Códigos de información de longitud fija   981125s1995 sp |||||||||||00||0 spa|d
035 ## - NÚMERO DE CONTROL DEL SISTEMA
Número de control del sistema 0008600000024
040 ## - FUENTE DE CATALOGACIÓN
Centro catalogador de origen ES-MaCES
Lengua de catalogación spa
Centro transcriptor ES-MaCES
245 00 - MENCIÓN DE TÍTULO
Título Dictamen 2-1995, sobre el Anteproyecto de Ley del Impuesto de Sociedades
300 ## - DESCRIPCIÓN FÍSICA
Extensión 32 p. (122 Kb.)
593 ## - CES. DATOS DICTAMEN
Comisión de trabajo Economía y Fiscalidad
Identificador D-002-1995
Fecha dictamen 19950215
Tipo sesión Pleno ordinario
Votos aprobados Presentes 47, Sí 25, No 20 y Abstenciones 2.
Votos particulares CC.OO.
-- UGT
-- COAG
-- CIG
-- UPA.
650 #4 - ASIENTO SECUNDARIO DE MATERIA--TÉRMINO DE MATERIA
Término de materia o nombre geográfico como elemento inicial sistema tributario
9 (RLIN) 28092
650 #4 - ASIENTO SECUNDARIO DE MATERIA--TÉRMINO DE MATERIA
Término de materia o nombre geográfico como elemento inicial tributación
9 (RLIN) 28093
650 #4 - ASIENTO SECUNDARIO DE MATERIA--TÉRMINO DE MATERIA
Término de materia o nombre geográfico como elemento inicial impuesto sobre sociedades
9 (RLIN) 28081
653 10 - TÉRMINO DE INDEXACIÓN--NO CONTROLADO
Término no controlado Fiscalidad
700 1# - ENCABEZAMIENTO SECUNDARIO--NOMBRE PERSONAL
Nombre de persona Pujol Segarra, Joan
Término indicativo de función interviniente
9 (RLIN) 21498
700 1# - ENCABEZAMIENTO SECUNDARIO--NOMBRE PERSONAL
Nombre de persona Pujol Segarra, Joan
Término indicativo de función ponente
9 (RLIN) 21498
710 1# - ENCABEZAMIENTO SECUNDARIO--NOMBRE CORPORATIVO
Nombre de entidad o nombre de jurisdicción como elemento inicial España
Unidad subordinada Ministerio de Economía y Hacienda
Término indicativo de función solicitante
9 (RLIN) 3237
856 ## - ACCESO ELECTRÓNICO
Identificador Uniforme del Recurso (URI) <a href="http://www.ces.es/documents/DIC/1995/02">http://www.ces.es/documents/DIC/1995/02</a>
Texto del enlace texto completo
902 ## - CES. TIPO DE DOCUMENTO
Tipodoc (006$c Sirtex) Dictamen
942 ## - ELEMENTOS KOHA
Fuente de clasificaión o esquema Clasificación propia del CES
Koha [por defecto] tipo de item Dictámenes/Informes/Memorias CES
Parte de clasificación 0.1.

No hay ítems disponibles.

© CES, Consejo Económico y Social de España 2021